| Tag |
First Indicator |
Second Indicator |
Subfields |
| LEADER |
00000cam a2200000 4500 |
| 001 |
in00000077527 |
| 005 |
20151008052756.0 |
| 008 |
800514s1962 ag f00000 spa d |
| 035 |
|
|
|a (OCoLC)06315465
|
| 035 |
|
|
|9 AAH4824AM
|
| 040 |
|
|
|a TXA
|c TXA
|d UtOrBLW
|
| 049 |
|
|
|a TXAM
|v 1 [466478]
|v 2 [466479]
|
| 090 |
|
|
|a HC171
|b .A647 1962
|
| 092 |
|
|
|a 380.0982
|b A691c, 1961
|
| 110 |
1 |
|
|a Argentina.
|b Dirección Nacional de Estadística y Censos.
|
| 245 |
1 |
0 |
|a Comercio exterior, 1961.
|
| 264 |
|
1 |
|a Buenos Aires,
|b [publisher not identified] ;
|c 1962.
|
| 300 |
|
|
|a 2 volumes
|
| 336 |
|
|
|a text
|b txt
|2 rdacontent
|
| 337 |
|
|
|a unmediated
|b n
|2 rdamedia
|
| 338 |
|
|
|a volume
|b nc
|2 rdacarrier
|
| 651 |
|
0 |
|a Argentina
|x Commerce.
|
| 999 |
|
|
|a MARS
|
| 999 |
f |
f |
|s 231efc8b-9a1f-333c-908d-64f5704ebf55
|i 328cec90-f385-3ab2-be56-2df15fed3413
|t 0
|
| 952 |
f |
f |
|p ric
|a Texas A&M University
|b Rellis Campus
|c Joint Library Facility
|d Remote Storage
|t 0
|e HC171 .A647 1962
|h Library of Congress classification
|i unmediated -- volume
|k v.2
|m A14800871610
|
| 952 |
f |
f |
|p ric
|a Texas A&M University
|b Rellis Campus
|c Joint Library Facility
|d Remote Storage
|t 0
|e HC171 .A647 1962
|h Library of Congress classification
|i unmediated -- volume
|k v.1
|m A14800871602
|
| 998 |
f |
f |
|a HC171 .A647 1962
|s v.1-v.2
|t 0
|l Remote Storage
|